| 000 | 01433nam a2200349Ia 4500 | ||
|---|---|---|---|
| 003 | GCL | ||
| 008 | 140319s9999 xx 000 0 ara d | ||
| 020 | _a9051383977 | ||
| 040 |
_aGCL / _cGCL |
||
| 082 | 0 | 4 |
_a657.6 _bم م |
| 100 | 1 | _aمحمد المبروك ابوزيد | |
| 245 | 1 | 0 |
_aالمحاسبة الدولية وانعكاساتها على الدول العربية / _cمحمد المبروك ابوزيد |
| 250 | _aالاولى | ||
| 260 |
_aالقاهرة : _bايتراك للنشر والتوزيع ، _c2005 |
||
| 300 |
_a640 ص ؛ _c28 سم |
||
| 650 | 0 | 4 | _aمراجعة الحسابات |
| 650 | 0 | 4 | _aالمحاسبة |
| 650 | 0 | 4 | _aالتنمية الاقتصادية |
| 650 | 0 | 4 | _aالمحاسبة المالية |
| 650 | 0 | 4 | _aالتقارير المالية |
| 650 | 0 | 4 | _aالقوة الشرائية |
| 650 | 0 | 4 | _aالمحاسبة التحليلية |
| 650 | 0 | 4 | _aالمحاسبة - تاريخ |
| 650 | 0 | 4 | _aالمحاسبة الدولية |
| 650 | 0 | 4 | _aالمالية العامة - ليبيا- محاسبة |
| 650 | 0 | 4 | _aالمالية العامة - مصر - محاسبة |
| 650 | 0 | 4 | _aالمالية العامة - السعودية - محاسبة |
| 650 | 0 | 4 | _aالمالية العامة - المغرب - محاسبة |
| 650 | 0 | 4 | _aالمالية العامة - الاردن - محاسبة |
| 650 | 0 | 4 | _aالمالية العامة - لبنان - محاسبة |
| 942 |
_2ddc _cBK |
||
| 999 |
_c7978 _d7978 |
||